000
00197 a2200097 4500
020
_a
9781595668165
041
_a
spa
100
_a
Camilla de la Bedoyare
245
_a
De huevo a Gallina
942
_c
K
999
_c
26163
_d
26163